|
|
|
|
| LEADER |
00000nam0a2200000 4500 |
| 001 |
220462 |
| 005 |
20231101230333.0 |
| 010 |
|
|
|a 014101797X
|
| 035 |
|
|
|a (RuTPU)RU\TPU\book\240586
|
| 090 |
|
|
|a 220462
|
| 100 |
|
|
|a 20120823d2005 m y0engy50 ba
|
| 101 |
0 |
|
|a eng
|
| 102 |
|
|
|a GB
|
| 105 |
|
|
|a a z 001zy
|
| 200 |
1 |
|
|a Kitchen Heaven
|f G. Ramsay
|
| 210 |
|
|
|a London
|c Penguin Books
|d 2005
|
| 215 |
|
|
|a 255 p.
|c il.
|
| 320 |
|
|
|a Index: p. 249-255.
|
| 606 |
1 |
|
|a Кулинария
|2 stltpush
|3 (RuTPU)RU\TPU\subj\16730
|9 42667
|
| 610 |
1 |
|
|a пища
|
| 610 |
1 |
|
|a приготовление
|
| 610 |
1 |
|
|a ресторанное дело
|
| 610 |
1 |
|
|a рестораны
|
| 610 |
1 |
|
|a ресторанный сервис
|
| 675 |
|
|
|a 641.5
|v 3
|
| 700 |
|
1 |
|a Ramsay
|b G.
|g Gordon
|
| 801 |
|
1 |
|a RU
|b 63413507
|c 20120823
|
| 801 |
|
2 |
|a RU
|b 63413507
|c 20120919
|g RCR
|
| 942 |
|
|
|c BK
|